| 000 | 00941nam a22002177a 4500 | ||
|---|---|---|---|
| 999 |
_c55444 _d55444 |
||
| 005 | 20230809101055.0 | ||
| 008 | s2550 th tha d | ||
| 020 | _a9789748825847 | ||
| 040 | _aNALT | ||
| 041 | _atha | ||
| 050 |
_aJF 1525.I6 _bฉ269ค 2550 |
||
| 100 | 0 |
_aฉันทิมา อ่องสุรักษ์ _931295 |
|
| 245 | 1 | 0 |
_aเครื่องมือดำเนินนโยบายต่างประเทศ : _bงานข่าวกรอง / _cฉันทิมา อ่องสุรักษ์. |
| 260 |
_aกรุงเทพฯ : _bส่องสยาม, _c2550. |
||
| 300 |
_a344 หน้า : _bตาราง ; _c21 ซม. |
||
| 650 | 0 |
_aข่าวกรอง _939041 |
|
| 653 | 4 | _aการสืบสวนคดีพิเศษ | |
| 850 | _aNALT | ||
| 942 |
_cGB _2lcc _02 |
||
| 998 |
_j8 _k นายบัณฑิต อุทาวงค์ |
||